Auditiing the African state: International standards and local adjustments (Record no. 27490)

MARC details
000 -LEADER
fixed length control field 00622nam a2200181Ia 4500
020 ## - INTERNATIONAL STANDARD BOOK NUMBER
ISBN 9789162884130
050 ## - CALL MARK
Classification number JQ 1879 .G89/
100 ## - STATEMENT OF RESPONSIBILITY--MAIN AUTHOR NAME
Personal name Gustavson, M.
245 #0 - TITLE STATEMENT
Title Auditiing the African state: International standards and local adjustments
260 ## - PUBLICATION, DISTRIBUTION, ETC. (IMPRINT)
Place of publication Sweden
260 ## - PUBLICATION, DISTRIBUTION, ETC. (IMPRINT)
Name of publisher Kompendiet
260 ## - PUBLICATION, DISTRIBUTION, ETC. (IMPRINT)
Year of publication 2012
300 ## - PHYSICAL DESCRIPTION
Number of Pages 289 p
650 ## - SUBJECT ADDED ENTRY--TOPICAL TERM
Topical Term Public administration--Africa, Sub-Saharan--Evaluation. Civil service reform--Africa, Sub-Saharan. Administrative agencies--Africa, Sub-Saharan--Management--Evaluation.
942 ## - ADDED ENTRY ELEMENTS (KOHA)
Koha item type Books
Holdings
Withdrawn status Lost status Source of classification or shelving scheme Damaged status Not for loan Permanent Location Current Location Date acquired Accession Number Price effective from Koha item type
    Library of Congress Classification     NILE UNIVERSITY OF NIGERIA - MAIN LIBRARY NILE UNIVERSITY OF NIGERIA - MAIN LIBRARY 04/23/2025 0012464 04/23/2025 Books